| 000 | 00892nam a22003017a 4500 | ||
|---|---|---|---|
| 001 | BR6006511 | ||
| 003 | BR-BrBNA | ||
| 005 | 20230928083245.0 | ||
| 007 | ta | ||
| 008 | 230509b bl.||||| |||| 00| 0 por d | ||
| 040 |
_aBR-BrBNA _bpor _cBiblioteca Nacional de Agricultura |
||
| 041 | _a(Por) | ||
| 072 |
_aE70 _b0150 _b/G514 |
||
| 090 | _ 0150 BR6006511 | ||
| 100 | 1 | _aRebello, A. da P.P. | |
| 110 | 1 |
_aUniversidade Federal de Vicosa, MG (Brasil) _0Tese (Magister Scientiae) |
|
| 245 | 1 | _aEstruturas de excedente comercializavel, oferta e demanda de arroz em areas selecionadas do Estado do Para [Brasil] | |
| 260 | 3 |
_aVicosa, MG (Brasil): _c1973. |
|
| 300 | _a111 p. | ||
| 500 | _a28 ref.; Summary (Por) | ||
| 650 | _aComercializacao | ||
| 650 | _aArroz | ||
| 650 | _aOferta | ||
| 650 | _aDemanda | ||
| 650 | _aPara | ||
| 909 |
_a202309 _bLucia _c55 _dLucia Elande |
||
| 942 | _cBK | ||
| 999 |
_c12427 _d12427 |
||